[Event "IV CMA Futurity"]
[Site "Toronto"]
[Date "2003.07.25"]
[Round "1.1"]
[White "Moiseenko, Alexander"]
[Black "Zugic, Igor"]
[Result "1/2-1/2"]
[WhiteElo "2618"]
[BlackElo "2455"]
[PlyCount "75"]
[EventDate "2003.07.20"]
[Source "Roberto Alvarez"]
[SourceDate "2003.07.28"]

1. d4 Nf6 2. c4 e6 3. Nc3 Bb4 4. g3 c5 5. Nf3 cxd4 6. Nxd4 O-O 7. Bg2 d5 8. cxd5 Nxd5 9. Qb3 Qa5 10. Bd2 Nc6 11. Nxc6 bxc6 12. O-O Bxc3 13. Bxc3 Nxc3 14. bxc3 Ba6 15. Qb4 Qxb4 16. cxb4 Rab8 17. a3 Bxe2 18. Rfc1 Rfc8 19. Bxc6 Kf8 20. f4 Ke7 21. Kf2 Ba6 22. Be4 h6 23. Ke3 g5 24. Rab1 Rxc1 25. Rxc1 Rc8 26. Rxc8 gxf4+ 27. gxf4 Bxc8 28. Kd4 Kd6 29. b5 f6 30. Kc4 e5 31. f5 Kc7 32. a4 Bb7 33. Bxb7 Kxb7 34. a5 Kc8 35. Kd5 Kd7 36. Kc5 Kc7 37. Kd5 Kd7 38. Kc5 1/2-1/2

[Event "Balatonbereny"]
[Site "Balatonbereny"]
[Date "1995.??.??"]
[Round "4"]
[White "Bezold, Michael"]
[Black "Romanishin, Oleg M"]
[Result "0-1"]
[WhiteElo "2490"]
[BlackElo "2580"]
[PlyCount "54"]
[EventDate "1995.08.??"]
[Source "ChessBase"]

1. d4 Nf6 2. c4 e6 3. Nc3 Bb4 4. g3 O-O 5. Bg2 d5 6. Nf3 dxc4 7. O-O Nc6 8. e3 Rb8 9. Qc2 b5 10. Rd1 Qe8 11. e4 e5 12. dxe5 Nxe5 13. Nxe5 Qxe5 14. Be3 Bb7 15. Bxa7 Rbd8 16. f4 Qe7 17. Rxd8 Rxd8 18. e5 Bxg2 19. Qxg2 Bxc3 20. bxc3 Nd5 21. Bd4 c5 22. Bf2 Nxc3 23. Qc6 Ne2+ 24. Kf1 Nd4 25. Bxd4 cxd4 26. Qxb5 Qc7 27. Rc1 d3 0-1

[Event "GRE-chT"]
[Site "Thessaloniki"]
[Date "1996.??.??"]
[Round "2"]
[White "Miladinovic, Igor"]
[Black "Shipov, Sergei"]
[Result "0-1"]
[WhiteElo "2535"]
[BlackElo "2535"]
[PlyCount "76"]
[EventDate "1996.??.??"]
[Source "ChessBase"]

1. d4 Nf6 2. c4 e6 3. Nc3 Bb4 4. g3 c5 5. Nf3 cxd4 6. Nxd4 O-O 7. Bg2 d5 8. cxd5 Nxd5 9. Bd2 Nxc3 10. bxc3 Be7 11. O-O Nd7 12. Rb1 Nb6 13. Bf4 Nd5 14. Bxd5 Qxd5 15. Nb5 Qc6 16. e4 b6 17. Nc7 g5 18. Nxa8 gxf4 19. Nxb6 axb6 20. Qg4+ Kh8 21. Qxf4 Bb7 22. Rfe1 f5 23. Qe5+ Kg8 24. Qb5 Bc5 25. Qxc6 Bxc6 26. exf5 Rxf5 27. Rb2 Kf7 28. Rd1 Rf3 29. Rc1 e5 30. Kf1 Ke6 31. Ke1 h5 32. Re2 Kf5 33. h3 h4 34. gxh4 Rxh3 35. Kd2 Bf3 36. Ree1 Rxh4 37. Rg1 Rh2 38. Rcf1 Bg2 0-1

[Event "OHRA"]
[Site "Amsterdam"]
[Date "1984.??.??"]
[Round "9"]
[White "Bohm, Hans"]
[Black "Timman, Jan H"]
[Result "0-1"]
[WhiteElo "2415"]
[BlackElo "2650"]
[PlyCount "90"]
[EventDate "1984.07.??"]
[Source "ChessBase"]

1. d4 Nf6 2. c4 e6 3. Nc3 Bb4 4. g3 c5 5. Nf3 cxd4 6. Nxd4 O-O 7. Bg2 d5 8. cxd5 Nxd5 9. Bd2 Bxc3 10. Bxc3 Nxc3 11. bxc3 e5 12. Nb5 Qa5 13. Qb3 Nc6 14. O-O Be6 15. Qb2 Rfd8 16. Rfd1 Qb6 17. Rdb1 a6 18. c4 axb5 19. cxb5 Na5 20. Qxe5 Rd2 21. a4 Rad8 22. h4 f6 23. Qh5 Bf7 24. Qg4 Nb3 25. Ra3 R2d4 26. e4 Rd2 27. Qf4 Nd4 28. Bf1 Qa5 29. Rc1 Ne2+ 30. Bxe2 Rxe2 31. Rac3 Be6 32. Qf3 Red2 33. e5 fxe5 34. Qe3 Qxa4 35. Qxe5 Qg4 36. Re1 Rd1 37. Rce3 Bf7 38. Rxd1 Qxd1+ 39. Re1 Qf3 40. Qg5 Rd1 41. Rxd1 Qxd1+ 42. Kh2 Qd5 43. Qc1 h6 44. b6 Qf3 45. Qc8+ Kh7 0-1

[Event "URS Ch sf"]
[Site "Sevastopol UKR"]
[Date "1986.??.??"]
[Round "?"]
[White "Ubilava, Elizbar E"]
[Black "Agzamov, Georgy T"]
[Result "1/2-1/2"]
[WhiteElo "2515"]
[BlackElo "2545"]
[PlyCount "100"]
[EventDate "1986.08.??"]
[Source "www.chesslib.no"]
[SourceDate "2004.05.04"]

1. d4 Nf6 2. c4 e6 3. Nc3 Bb4 4. g3 d5 5. Nf3 dxc4 6. Bg2 Nc6 7. O-O O-O 8. Bg5 Be7 9. e3 Nd5 10. Bxe7 Qxe7 11. Nd2 Nb6 12. Qe2 Na5 13. Qh5 f5 14. e4 Nc6 15. Nf3 e5 16. dxe5 Nxe5 17. Nxe5 Qxe5 18. Rfe1 c6 19. f4 Qf6 20. Rad1 Be6 21. Rd6 Rad8 22. Red1 g6 23. Qe2 Qe7 24. e5 Rxd6 25. Rxd6 Rd8 26. Rxd8+ Qxd8 27. Qe3 Nc8 28. Kf2 Kf7 29. a3 Qa5 30. Qd4 Ne7 31. Ke2 Bd5 32. Kf2 Ke6 33. Bf1 b5 34. Qc5 Qb6 35. Qxb6 axb6 36. Ke3 Bh1 37. Kd2 Nd5 38. Ne2 c5 39. Nc3 g5 40. fxg5 b4 41. axb4 cxb4 42. Nb5 c3+ 43. bxc3 Kxe5 44. cxb4 Nxb4 45. Nc3 f4 46. gxf4+ Kxf4 47. Na4 Nd5 48. Bc4 Kxg5 49. Bxd5 Bxd5 50. Nxb6 Be6 1/2-1/2

[Event "otb"]
[Site "otb"]
[Date "2007.03.10"]
[Round "1"]
[White "Rakhmanov Alexander"]
[Black "Khairullin Ildar"]
[Result "1/2-1/2"]
[WhiteElo "2473"]
[BlackElo "2586"]
[PlyCount "61"]
[Source "www.chesslib.no"]
[SourceDate "2004.05.04"]

1. d4 Nf6 2. c4 e6 3. Nc3 Bb4 4. g3 O-O 5. Bg2 d6 6. Nf3 Bxc3+ 7. bxc3 Nbd7 8. O-O Rb8 9. Re1 b6 10. e4 e5 11. Nd2 Re8 12. Nf1 Ba6 13. Qa4 Qc8 14. f3 b5 15. cxb5 Bxb5 16. Qa3 Nb6 17. Ne3 Qd7 18. Rb1 a6 19. Qb4 Bd3 20. Rb2 c5 21. dxc5 dxc5 22. Qa5 Qc6 23. Rd1 c4 24. Qxa6 Nfd7 25. Nd5 Ra8 26. Qb5 Qxb5 27. Rxb5 Nxd5 28. Rxd5 Nf6 29. Rc5 Rxa2 30. Bf1 Ra1 31. Kf2 1/2-1/2

[Event "It \"]
[Site "Salekhard (Russia)"]
[Date "2007.12.07"]
[Round "3"]
[White "Potapov Alexander_ (RUS)"]
[Black "Yakovich Yuri (RUS)"]
[Result "1/2-1/2"]
[WhiteElo "2459"]
[BlackElo "2597"]
[PlyCount "54"]
[EventDate "2007.??.??"]
[Source "www.chesslib.no"]
[SourceDate "2004.05.04"]

1. d4 Nf6 2. c4 e6 3. Nc3 Bb4 4. g3 d5 5. Bg2 O-O 6. Nf3 dxc4 7. O-O Nc6 8. Bg5 h6 9. Bxf6 Qxf6 10. e3 Rb8 11. Ne4 Qf5 12. Nfd2 b5 13. a4 a6 14. b3 Na5 15. axb5 axb5 16. bxc4 bxc4 17. Nc5 e5 18. Rb1 exd4 19. exd4 Rb6 20. Na4 Rb5 21. Be4 Qd7 22. Nf3 Bb7 23. Ne5 Qe6 24. Nc5 Rxc5 25. Bxb7 Rb5 26. Bg2 Rfb8 27. Qa4 c6 1/2-1/2

[Event "HUN-chT9899"]
[Site "HUN"]
[Date "1998.??.??"]
[Round "?"]
[White "Horvath, Jozsef"]
[Black "Gyimesi, Zoltan"]
[Result "1/2-1/2"]
[WhiteElo "2530"]
[BlackElo "2525"]
[PlyCount "25"]
[EventDate "1998.??.??"]
[Source "www.chesslib.no"]
[SourceDate "2004.05.04"]

1. c4 e6 2. d4 Nf6 3. Nc3 Bb4 4. g3 d5 5. Bg2 O-O 6. Nf3 dxc4 7. O-O Nc6 8. Bg5 Rb8 9. Rc1 b5 10. b3 cxb3 11. Qxb3 Be7 12. Rfd1 Na5 13. Qc2 1/2-1/2

[Event "Szirak"]
[Site "Szirak"]
[Date "1985.??.??"]
[Round "10"]
[White "Horvath, Jozsef"]
[Black "Sax, Gyula"]
[Result "1/2-1/2"]
[WhiteElo "2520"]
[BlackElo "2535"]
[PlyCount "29"]
[EventDate "1985.10.??"]
[Source "ChessBase"]

1. d4 Nf6 2. c4 e6 3. Nc3 Bb4 4. g3 c5 5. Nf3 cxd4 6. Nxd4 O-O 7. Bg2 d5 8. cxd5 Nxd5 9. Bd2 Nxc3 10. bxc3 Be7 11. Rb1 a6 12. O-O e5 13. Nc2 Nc6 14. Ne3 Bc5 15. Qc2 1/2-1/2

[Event "GER-GRE"]
[Site "Fuerth"]
[Date "2002.08.31"]
[Round "1"]
[White "Miladinovic, Igor"]
[Black "Schmaltz, Roland"]
[Result "1/2-1/2"]
[WhiteElo "2503"]
[BlackElo "2547"]
[PlyCount "48"]
[EventDate "2002.08.31"]
[Source "ChessBase"]
[SourceDate "2002.11.12"]

1. d4 Nf6 2. c4 e6 3. Nc3 Bb4 4. g3 c5 5. Nf3 cxd4 6. Nxd4 O-O 7. Bg2 d5 8. cxd5 Nxd5 9. Qb3 Qa5 10. Bd2 Nc6 11. Nxc6 bxc6 12. O-O Bxc3 13. Bxc3 Nxc3 14. bxc3 Ba6 15. Qb4 Qe5 16. Rfe1 Rab8 17. Qa3 Rb6 18. Rad1 h6 19. e3 Rfb8 20. h4 c5 21. Rd7 Rb1 22. Rdd1 R1b6 23. Rd7 Rb1 24. Rdd1 R1b6 1/2-1/2

[Event "otb"]
[Site "otb"]
[Date "2007.03.14"]
[Round "5"]
[White "Rakhmanov Alexander"]
[Black "Lysyj Igor"]
[Result "0-1"]
[WhiteElo "2473"]
[BlackElo "2576"]
[PlyCount "118"]
[Source "www.chesslib.no"]
[SourceDate "2004.05.04"]

1. d4 Nf6 2. c4 e6 3. Nc3 Bb4 4. g3 c5 5. Nf3 Ne4 6. Bd2 Bxc3 7. bxc3 O-O 8. Bg2 Nc6 9. O-O Na5 10. Qc2 f5 11. Qd3 b6 12. dxc5 Nxc5 13. Qd4 Nc6 14. Qe3 Ba6 15. Nd4 Na5 16. Bxa8 Nxc4 17. Qg5 Qxa8 18. Be1 h6 19. Qc1 e5 20. Nb3 Qe4 21. Qd1 Nb2 22. Nxc5 bxc5 23. Qb3+ Nc4 24. f3 Qxe2 25. Rf2 Qe3 26. Qa4 Rf6 27. Qxd7 f4 28. Bd2 Nxd2 29. Qxd2 Qxd2 30. Rxd2 fxg3 31. Re1 Rxf3 32. Rxe5 Rxc3 33. Re7 Bd3 34. hxg3 Ra3 35. Rb2 Bc4 36. Rbb7 Rxg3+ 37. Kf2 Rg6 38. Rxa7 Bd3 39. a4 c4 40. Ke3 h5 41. a5 h4 42. Ra8+ Kh7 43. Ree8 Rg3+ 44. Kd4 c3 45. Rh8+ Kg6 46. Rxh4 c2 47. Rh1 Bf5 48. Ke5 Kg5 49. Rd8 Re3+ 50. Kd6 Ra3 51. Rg1+ Kf4 52. Rf1+ Kg4 53. Ke7 Rxa5 54. Rd2 Ra3 55. Kf7 g6 56. Kf6 Rb3 57. Rd4+ Kg3 58. Rg1+ Kf2 59. Rc1 Ke3 0-1

[Event "KB Czech Open"]
[Site "Pardubice"]
[Date "2003.07.23"]
[Round "6"]
[White "Potapov, Alexander"]
[Black "Babula, Vlastimil"]
[Result "0-1"]
[WhiteElo "2498"]
[BlackElo "2550"]
[PlyCount "72"]
[EventDate "2003.07.18"]
[Source "Roberto Alvarez"]
[SourceDate "2003.07.21"]

1. d4 Nf6 2. c4 e6 3. Nc3 Bb4 4. g3 c5 5. Nf3 cxd4 6. Nxd4 Ne4 7. Qd3 Bxc3+ 8. bxc3 Nc5 9. Qe3 b6 10. Bg2 Bb7 11. Bxb7 Nxb7 12. Qe4 Nc6 13. Nxc6 dxc6 14. Qxc6+ Qd7 15. Qxd7+ Kxd7 16. Ba3 Rhc8 17. O-O-O+ Ke8 18. Rd4 Rc7 19. Rh4 h6 20. Rd1 Rac8 21. Rdd4 f6 22. Rhe4 Kf7 23. f4 Na5 24. c5 f5 25. Re3 b5 26. Red3 Nc4 27. Bb2 a6 28. Rd7+ Rxd7 29. Rxd7+ Kf6 30. Kc2 Rxc5 31. Bc1 Rc6 32. Kd3 e5 33. e4 fxe4+ 34. Kxe4 Re6 35. Ra7 exf4+ 36. Kxf4 Ne5 0-1

[Event "IV Open"]
[Site "Rhone FRA"]
[Date "2008.04.16"]
[Round "7"]
[White "Garcia Roman, D."]
[Black "Malakhatko, V."]
[Result "0-1"]
[WhiteElo "2427"]
[BlackElo "2621"]
[PlyCount "90"]
[EventDate "2008.04.12"]
[Source "www.chesslib.no"]
[SourceDate "2004.05.04"]

1. d4 Nf6 2. c4 e6 3. Nc3 Bb4 4. g3 c5 5. Nf3 cxd4 6. Nxd4 Ne4 7. Qd3 Bxc3+ 8. bxc3 Nc5 9. Qf3 O-O 10. Bg2 d6 11. Ba3 Nbd7 12. O-O Ne5 13. Qf4 Nxc4 14. Nc6 bxc6 15. Qxc4 Ba6 16. Qd4 Qa5 17. Bb4 Qc7 18. Bxc5 dxc5 19. Qe3 Rab8 20. Bf3 Qa5 21. Bxc6 Rb2 22. Bf3 Bc4 23. Rfd1 Rc2 24. Rdc1 Rxc1+ 25. Qxc1 h6 26. Qf4 Qa6 27. Bb7 Qb5 28. Bf3 Qb2 29. Re1 Bxa2 30. Qe3 Qb6 31. Rd1 a5 32. Rd7 a4 33. Rb7 Qd6 34. Ra7 Bb3 35. Ra5 c4 36. Kg2 a3 37. h4 a2 38. g4 Qd1 39. Qa7 Qc1 40. g5 hxg5 41. hxg5 g6 42. Qa6 Qxc3 43. Be4 Kg7 44. Qa7 Rh8 45. e3 Qa1 0-1

[Event "Skopje op 18th"]
[Site "Skopje"]
[Date "2002.01.16"]
[Round "2"]
[White "Zhukova, Natalia"]
[Black "Graf, Alexander"]
[Result "0-1"]
[WhiteElo "2441"]
[BlackElo "2605"]
[PlyCount "74"]
[EventDate "2002.01.15"]
[Source "ChessBase"]
[SourceDate "2002.03.21"]

1. d4 Nf6 2. c4 e6 3. Nc3 Bb4 4. g3 Bxc3+ 5. bxc3 O-O 6. Bg2 d6 7. Nf3 Nc6 8. Ba3 Rb8 9. O-O b6 10. Nd2 Na5 11. Bb4 Nb7 12. e4 c5 13. Ba3 Qc7 14. Re1 Re8 15. Bf1 Na5 16. Bd3 Ba6 17. e5 dxe5 18. dxe5 Nd7 19. Qh5 f5 20. exf6 Nxf6 21. Qh4 Rbd8 22. Re3 Bb7 23. Ne4 Bxe4 24. Bxe4 Nxe4 25. Rxe4 Nc6 26. Rae1 e5 27. Bc1 Qf7 28. Qg4 Rf8 29. f4 exf4 30. Bxf4 Rde8 31. h4 Na5 32. h5 Nxc4 33. h6 g6 34. Qg5 Nd2 35. Bxd2 Rxe4 36. Rc1 Qf2+ 37. Kh1 Re2 0-1

[Event "Riga"]
[Site "Riga"]
[Date "1981.??.??"]
[Round "8"]
[White "Romanishin, Oleg M"]
[Black "Vitolinsh, Alvis"]
[Result "1-0"]
[WhiteElo "2590"]
[BlackElo "2455"]
[PlyCount "81"]
[EventDate "1981.08.??"]
[Source "ChessBase"]

1. d4 Nf6 2. c4 e6 3. Nc3 Bb4 4. g3 c5 5. Nf3 b5 6. cxb5 a6 7. Bg2 O-O 8. O-O d5 9. bxa6 Bxa6 10. dxc5 Bxc3 11. bxc3 Ne4 12. Qc2 Nd7 13. c6 Ndc5 14. Be3 Qc7 15. Nd4 Bc4 16. Rfb1 Ra6 17. Rb4 Nd6 18. Nf3 Ra5 19. Ne5 Rd8 20. Bf4 Ba6 21. Rab1 f6 22. Nd3 Nce4 23. Be3 Nc8 24. Bxe4 dxe4 25. Nc5 Qxc6 26. Qxe4 Qxe4 27. Rxe4 Rxa2 28. Nxa6 Rxa6 29. Rb8 Rc6 30. c4 Kf7 31. Rb7+ Ne7 32. c5 e5 33. f4 Ke6 34. fxe5 Rd1+ 35. Kg2 fxe5 36. Ra4 h5 37. Bg5 Nc8 38. Rxg7 Rxc5 39. e4 Rc2+ 40. Kh3 Rd6 41. Raa7 1-0

[Event "XIX Czech Oce Open"]
[Site "Pardubice CEC"]
[Date "2008.07.11"]
[Round "3"]
[White "Potapov, Alexa1"]
[Black "Smirnov, P."]
[Result "1/2-1/2"]
[WhiteElo "2451"]
[BlackElo "2592"]
[PlyCount "72"]
[EventDate "2008.07.10"]
[Source "www.chesslib.no"]
[SourceDate "2004.05.04"]

1. d4 Nf6 2. c4 e6 3. Nc3 Bb4 4. g3 c5 5. Nf3 Nc6 6. Bg2 Ne4 7. Bd2 Bxc3 8. bxc3 O-O 9. O-O Na5 10. Qc2 Nxd2 11. Nxd2 d6 12. Qd3 Rb8 13. Nb3 b6 14. Nxa5 bxa5 15. Rfd1 Ba6 16. dxc5 dxc5 17. Bc6 Qxd3 18. exd3 Rfd8 19. Ba4 Kf8 20. Bb3 Rb6 21. Kf1 e5 22. Ke2 Ke7 23. Ke3 g5 24. Rab1 f5 25. Ba4 f4+ 26. Ke2 Rh6 27. h4 gxh4 28. gxh4 Bc8 29. Rg1 Bf5 30. Rb7+ Kf6 31. Bc2 Rxh4 32. Rxa7 Rd6 33. Rg8 Bg6 34. Rxa5 Rh3 35. Rxc5 Bxd3+ 36. Bxd3 Rdxd3 1/2-1/2

[Event "Mind Sports Games - Rapid Team KO"]
[Site "Pechino CINA"]
[Date "2008.10.17"]
[Round "2.2"]
[White "Perelshteyn, E."]
[Black "Mahjoob, M."]
[Result "1-0"]
[WhiteElo "2536"]
[BlackElo "2507"]
[PlyCount "77"]
[EventDate "2008.10.14"]
[Source "www.chesslib.no"]
[SourceDate "2004.05.04"]

1. c4 Nf6 2. Nc3 e6 3. d4 Bb4 4. g3 c5 5. Nf3 Ne4 6. Bd2 Nxd2 7. Qxd2 d5 8. cxd5 Qxd5 9. Nxd5 Bxd2+ 10. Nxd2 exd5 11. dxc5 Na6 12. Rc1 Be6 13. e3 Nc7 14. Nb3 Bf5 15. Nd4 Be4 16. f3 Bg6 17. h4 h5 18. Bh3 O-O 19. Kf2 Rfe8 20. b4 Bd3 21. Bf1 Bxf1 22. Rhxf1 g6 23. Rfd1 Re5 24. Rd3 Rae8 25. b5 R8e7 26. a4 Ne6 27. c6 Nxd4 28. c7 Rxc7 29. Rxc7 Ne6 30. Rxb7 Nc5 31. Rb8+ Kg7 32. Rd4 Ne6 33. Rd1 Nc5 34. a5 Nb3 35. b6 axb6 36. a6 Re7 37. Rxb6 Na5 38. Rxd5 Nc4 39. Rb3 1-0

[Event "40th Canadian Open"]
[Site "Kapuskasing"]
[Date "2003.07.16"]
[Round "6"]
[White "Moiseenko, Alexander"]
[Black "Jonkman, Harmen"]
[Result "1/2-1/2"]
[WhiteElo "2618"]
[BlackElo "2424"]
[PlyCount "129"]
[EventDate "2003.07.12"]
[Source "Roberto Alvarez"]
[SourceDate "2003.07.21"]

1. c4 Nf6 2. d4 e6 3. Nc3 Bb4 4. g3 O-O 5. Bg2 d6 6. Nf3 Bxc3+ 7. bxc3 Nbd7 8. O-O e5 9. Nd2 c5 10. e4 Qa5 11. Qc2 a6 12. f4 b5 13. dxe5 dxe5 14. Nf3 Bb7 15. fxe5 Ng4 16. e6 fxe6 17. cxb5 axb5 18. Bh3 h5 19. c4 bxc4 20. Bb2 c3 21. Bxc3 Qa4 22. Qxa4 Rxa4 23. Ng5 Rxf1+ 24. Bxf1 Ngf6 25. Bb5 Ra3 26. Bb2 Ra5 27. Bc4 Nf8 28. Nxe6 Nxe6 29. Bxe6+ Kf8 30. e5 Ne4 31. a4 Ng5 32. Bd7 Nf3+ 33. Kf2 Nxh2 34. Ke3 Ng4+ 35. Kf4 Ke7 36. Bb5 Ke6 37. Kg5 Ra8 38. Kxh5 Ne3 39. Re1 Nd5 40. Kg6 c4 41. Kxg7 c3 42. Bc1 Ba6 43. Bc6 Ra7+ 44. Kh6 Nb4 45. Be3 Rc7 46. Be4 Bd3 47. Bxd3 Nxd3 48. Ra1 Kxe5 49. g4 Ke4 50. Bc1 Rc6+ 51. Kh5 Nxc1 52. Rxc1 c2 53. g5 Kd3 54. g6 Kd2 55. Rg1 c1=Q 56. Rxc1 Kxc1 57. g7 Rc8 58. a5 Kb2 59. Kg6 Kb3 60. a6 Kb4 61. Kh7 Kb5 62. a7 Kb6 63. a8=N+ Rxa8 64. g8=R Rxg8 65. Kxg8 1/2-1/2

[Event "III Aberto Vila de Marín"]
[Site "Pontevedra"]
[Date "2003.07.23"]
[Round "9.6"]
[White "Vasilev, Milen"]
[Black "Korneev, Oleg"]
[Result "0-1"]
[WhiteElo "2480"]
[BlackElo "2561"]
[PlyCount "119"]
[EventDate "2003.07.15"]
[Source "Roberto Alvarez"]
[SourceDate "2003.09.15"]

1. d4 Nf6 2. c4 e6 3. Nc3 Bb4 4. g3 O-O 5. Bg2 c5 6. Nf3 cxd4 7. Nxd4 d5 8. cxd5 Nxd5 9. Bd2 Bxc3 10. bxc3 e5 11. Nc2 Nc6 12. O-O Nde7 13. Ne3 Be6 14. c4 Qd7 15. Rb1 Rad8 16. Bc3 b6 17. Qxd7 Rxd7 18. f4 Nd4 19. Kf2 f6 20. a4 Rc8 21. a5 bxa5 22. fxe5 fxe5 23. Bxa5 Rf8+ 24. Ke1 Nef5 25. Nxf5 Nc2+ 26. Kf2 Rxf5+ 27. Kg1 Rxf1+ 28. Bxf1 Bxc4 29. Bh3 Rd6 30. Bc7 Rh6 31. Bg2 Ra6 32. Bxe5 Rb6 33. Rc1 Bb3 34. Be4 Re6 35. Rxc2 Rxe5 36. Rc8+ Kf7 37. Bxh7 Kf6 38. Bd3 a5 39. Ra8 a4 40. Kf2 Ke6 41. Ke1 g5 42. Kd2 g4 43. Kc3 Rh5 44. Ra6+ Ke7 45. Kd4 Kd7 46. e4 Rxh2 47. e5 Rd2 48. Ke3 Rd1 49. Bb5+ Ke7 50. Bd3 Kd8 51. Bf5 Kc7 52. Bxg4 Re1+ 53. Kf4 Kb7 54. Ra5 Kb6 55. Ra8 Kb5 56. Bd7+ Kb4 57. e6 a3 58. Kf5 a2 59. g4 Kc5 60. g5 0-1